IUE-ULDA access guide no. 5 (Record no. 11511)

MARC details
000 -LEADER
fixed length control field 00711nam a2200193Ia 4500
003 - CONTROL NUMBER IDENTIFIER
control field IN-BaIIA
008 - FIXED-LENGTH DATA ELEMENTS--GENERAL INFORMATION
fixed length control field 211028s9999 xx 000 0 eng d
020 ## - INTERNATIONAL STANDARD BOOK NUMBER
International Standard Book Number 92-9092-323-7
040 ## - CATALOGING SOURCE
Transcribing agency IIA Library
080 ## - UNIVERSAL DECIMAL CLASSIFICATION NUMBER
Universal Decimal Classification number 524.382
Item number ESA-II
100 ## - MAIN ENTRY--PERSONAL NAME
Personal name la Dous, Constanze
9 (RLIN) 19098
245 #0 - TITLE STATEMENT
Title IUE-ULDA access guide no. 5
Remainder of title pt. 1, international ultraviolet explorer -uniform low dispersion archive chromosphrically active binary stars
Statement of responsibility, etc. Constanze la Dous and Alvaro Gimenez
260 ## - PUBLICATION, DISTRIBUTION, ETC.
Place of publication, distribution, etc. Netherlands
Name of publisher, distributor, etc. European Space Agency
Date of publication, distribution, etc. 1995
300 ## - PHYSICAL DESCRIPTION
Extent xx, 222-335p.
650 ## - SUBJECT ADDED ENTRY--TOPICAL TERM
Topical term or geographic name entry element Binary stars
9 (RLIN) 1185
650 ## - SUBJECT ADDED ENTRY--TOPICAL TERM
Topical term or geographic name entry element Chromosphere
9 (RLIN) 5508
700 ## - ADDED ENTRY--PERSONAL NAME
Personal name Gimenez, Alvaro
9 (RLIN) 19864
942 ## - ADDED ENTRY ELEMENTS (KOHA)
Koha item type Books
Holdings
Withdrawn status Lost status Damaged status Not for loan Home library Current library Shelving location Date acquired Total Checkouts Full call number Barcode Date last seen Price effective from Koha item type
        IIA Library-Bangalore IIA Library-Bangalore General Stacks 11/10/1995   524.382/ ESA-II 12426 05/11/2021 11/10/1995 Books

Powered by Koha